000 00448nam a2200181Ia 4500
001 22748
005 20260414150851.0
008 260414t2006||||xx |||||||||||||| ||spa||
041 _aESP
082 _a621.4027
_bS67
100 _aSonntag, Richard E.
_eAUT
245 0 _aIntroducción a la termodinámica para Ingeniería
_b
260 _c2006
300 _a489 páginas :
_c\N
650 _aTCA
654 _aCET
942 _cLIB
_dJUS
_fJUS
_2ddc
_n
999 _c22748
_d22748